Statistics for 1992 College Football AP Poll

Click here to take the quiz!

General Stats

  • This quiz has been taken 10 times
  • The average score is 356 of 426

Answer Stats

WeekRankTeamWLTConference% Correct
Week 12 (11/17)2Alabama100SEC
100%
Week 3 (9/15)9Alabama20SEC
100%
Week 4 (9/22)6Notre Dame201Independent
100%
Week 4 (9/22)4Michigan101Big Ten
100%
Week 8 (10/20)3Michigan501Big Ten
100%
Week 8 (10/20)4Alabama70SEC
100%
Week 8 (10/20)10Notre Dame411Independent
100%
Week 13 (11/24)19USC631Pacific-10
100%
Week 15 (12/8)17Tennessee83SEC
100%
Week 13 (11/24)18Tennessee73SEC
100%
Week 3 (9/15)14Tennessee20SEC
100%
Week 3 (9/15)13Oklahoma20Big Eight
100%
Week 8 (10/20)15USC311Pacific-10
100%
Week 8 (10/20)17Tennessee52SEC
100%
Week 4 (9/22)8Tennessee30SEC
100%
Week 3 (9/15)7Notre Dame101Independent
100%
Week 14 (12/1)17Tennessee83SEC
100%
Week 11 (11/10)3Michigan801Big Ten
100%
Week 11 (11/10)2Alabama90SEC
100%
Week 12 (11/17)15USC621Pacific-10
100%
Week 15 (12/8)23USC641Pacific-10
100%
Week 2 (9/8)20Tennessee10SEC
100%
Week 11 (11/10)18USC521Pacific-10
100%
Postseason1Alabama130SEC
100%
Week 9 (10/27)3Michigan601Big Ten
100%
Week 9 (10/27)4Alabama80SEC
100%
Week 4 (9/22)7Alabama30SEC
100%
Week 14 (12/1)2Alabama110SEC
100%
Week 2 (9/8)8Alabama10SEC
100%
Week 7 (10/13)4Alabama60SEC
100%
Week 6 (10/6)13Notre Dame311Independent
100%
Week 6 (10/6)6Alabama50SEC
100%
Week 6 (10/6)16Oklahoma31Big Eight
100%
Week 6 (10/6)4Tennessee50SEC
100%
Week 6 (10/6)3Michigan301Big Ten
100%
Week 6 (10/6)20USC111Pacific-10
100%
Week 14 (12/1)23USC641Pacific-10
100%
Week 5 (9/29)20USC101Pacific-10
100%
Week 5 (9/29)19Oklahoma21Big Eight
100%
Week 11 (11/10)8Notre Dame711Independent
100%
Week 7 (10/13)3Michigan401Big Ten
100%
Week 5 (9/29)9Alabama40SEC
100%
Week 7 (10/13)18USC211Pacific-10
100%
Week 5 (9/29)7Tennessee40SEC
100%
Week 5 (9/29)6Notre Dame301Independent
100%
Week 14 (12/1)7Michigan803Big Ten
100%
Week 5 (9/29)4Michigan201Big Ten
100%
Week 15 (12/8)2Alabama120SEC
100%
Week 7 (10/13)12Notre Dame41Independent
100%
Week 15 (12/8)5Notre Dame911Independent
100%
Week 4 (9/22)22USC101Pacific-10
100%
Week 15 (12/8)7Michigan803Big Ten
100%
Week 4 (9/22)20Oklahoma21Big Eight
100%
Week 7 (10/13)13Tennessee51SEC
100%
Week 14 (12/1)5Notre Dame911Independent
100%
Week 2 (9/8)13Oklahoma10Big Eight
100%
Week 3 (9/15)6Michigan001Big Ten
100%
Week 9 (10/27)10Notre Dame511Independent
100%
Week 1 (9/1)9Alabama00SEC
100%
Week 9 (10/27)16Tennessee52SEC
100%
Week 13 (11/24)5Notre Dame811Independent
100%
Week 10 (11/3)4Michigan701Big Ten
100%
Week 1 (9/1)15Oklahoma00Big Eight
100%
Preseason15Oklahoma00Big Eight
100%
Week 10 (11/3)11USC511Pacific-10
100%
Postseason12Tennessee93SEC
100%
Week 10 (11/3)24Tennessee53SEC
100%
Preseason9Alabama00SEC
100%
Week 13 (11/24)2Alabama100SEC
100%
Week 10 (11/3)8Notre Dame611Independent
100%
Week 9 (10/27)25Texas42Southwest
100%
Week 1 (9/1)5Michigan00Big Ten
100%
Preseason21Tennessee00SEC
100%
Week 1 (9/1)3Notre Dame00Independent
100%
Week 11 (11/10)23Tennessee53SEC
100%
Preseason25Texas00Southwest
100%
Week 12 (11/17)6Michigan802Big Ten
100%
Week 10 (11/3)3Alabama80SEC
100%
Week 9 (10/27)13USC411Pacific-10
100%
Week 2 (9/8)6Michigan00Big Ten
100%
Preseason6Michigan00Big Ten
100%
Postseason5Michigan903Big Ten
100%
Week 2 (9/8)3Notre Dame10Independent
100%
Week 13 (11/24)7Michigan803Big Ten
100%
Week 10 (11/3)20Texas52Southwest
100%
Week 12 (11/17)7Notre Dame811Independent
100%
Postseason4Notre Dame1011Independent
100%
Week 1 (9/1)22Tennessee00SEC
100%
Week 12 (11/17)20Tennessee63SEC
100%
Preseason3Notre Dame00Independent
100%
Week 10 (11/3)6Florida State71ACC
88%
Week 7 (10/13)11Nebraska411Big Eight
88%
Week 14 (12/1)15Ohio State821Big Ten
88%
Week 7 (10/13)10Georgia51SEC
88%
Week 10 (11/3)5Texas A&M80Southwest
88%
Week 7 (10/13)9Penn State51Independent
88%
Week 10 (11/3)23Penn State63Independent
88%
Week 6 (10/6)14Nebraska31Big Eight
88%
Week 12 (11/17)23Penn State64Independent
88%
Week 10 (11/3)7Nebraska61Big Eight
88%
Week 6 (10/6)21Ohio State31Big Ten
88%
Week 6 (10/6)23Florida12SEC
88%
Week 10 (11/3)18North Carolina72ACC
88%
Week 14 (12/1)12Florida83SEC
88%
Week 10 (11/3)16Colorado611Big Eight
88%
Week 10 (11/3)15Georgia72SEC
88%
Week 6 (10/6)19UCLA31Pacific-10
88%
Week 14 (12/1)11Nebraska82Big Eight
88%
Week 11 (11/10)9Arizona621Pacific-10
88%
Week 10 (11/3)14Florida52SEC
88%
Week 7 (10/13)7Colorado50Big Eight
88%
Week 14 (12/1)9Colorado911Big Eight
88%
Week 14 (12/1)8Georgia92SEC
88%
Week 12 (11/17)21North Carolina73ACC
88%
Week 10 (11/3)12Arizona521Pacific-10
88%
Week 7 (10/13)5Texas A&M50Southwest
88%
Week 7 (10/13)6Florida State51ACC
88%
Week 6 (10/6)25Clemson22ACC
88%
Week 13 (11/24)24Ole Miss73SEC
88%
Week 14 (12/1)4Texas A&M120Southwest
88%
Week 8 (10/20)21Arizona321Pacific-10
88%
Week 8 (10/20)14Penn State52Independent
88%
Week 11 (11/10)4Texas A&M90Southwest
88%
Week 9 (10/27)17Arizona421Pacific-10
88%
Week 13 (11/24)6Florida82SEC
88%
Week 8 (10/20)18Clemson42ACC
88%
Week 13 (11/24)15Ohio State821Big Ten
88%
Week 8 (10/20)20Florida32SEC
88%
Week 9 (10/27)14Penn State62Independent
88%
Week 9 (10/27)20Florida42SEC
88%
Week 8 (10/20)24Virginia52ACC
88%
Week 13 (11/24)12Nebraska72Big Eight
88%
Week 13 (11/24)10Colorado911Big Eight
88%
Week 13 (11/24)9Georgia82SEC
88%
Week 9 (10/27)5Texas A&M70Southwest
88%
Week 9 (10/27)6Florida State61ACC
88%
Week 9 (10/27)7Georgia71SEC
88%
Week 9 (10/27)8Colorado601Big Eight
88%
Week 13 (11/24)4Texas A&M110Southwest
88%
Week 13 (11/24)3Florida State91ACC
88%
Week 14 (12/1)3Florida State101ACC
88%
Week 13 (11/24)23Arizona641Pacific-10
88%
Week 7 (10/13)17Virginia51ACC
88%
Week 7 (10/13)19Clemson32ACC
88%
Week 12 (11/17)24Ole Miss73SEC
88%
Week 11 (11/10)7Nebraska71Big Eight
88%
Week 7 (10/13)23Florida22SEC
88%
Week 9 (10/27)8Nebraska51Big Eight
88%
Week 12 (11/17)16Arizona631Pacific-10
88%
Week 13 (11/24)22Penn State74Independent
88%
Week 9 (10/27)22North Carolina62ACC
88%
Week 11 (11/10)5Florida State81ACC
88%
Week 8 (10/20)5Texas A&M60Southwest
88%
Week 8 (10/20)6Florida State61ACC
88%
Week 8 (10/20)7Georgia61SEC
88%
Week 8 (10/20)8Nebraska41Big Eight
88%
Week 8 (10/20)9Colorado501Big Eight
88%
Week 9 (10/27)23Virginia62ACC
88%
Week 13 (11/24)20North Carolina83ACC
88%
Week 6 (10/6)12Georgia41SEC
88%
Week 5 (9/29)12Ohio State30Big Ten
88%
Week 6 (10/6)10Virginia50ACC
88%
Week 2 (9/8)12Colorado10Big Eight
88%
Postseason10Florida94SEC
88%
Postseason8Georgia102SEC
88%
Postseason7Texas A&M121Southwest
88%
Week 1 (9/1)25Virginia00ACC
88%
Week 2 (9/8)4Florida00SEC
88%
Week 2 (9/8)5Florida State10ACC
88%
Week 2 (9/8)7Texas A&M20Southwest
88%
Postseason2Florida State111ACC
88%
Week 2 (9/8)10Penn State10Independent
88%
Week 2 (9/8)11Nebraska10Big Eight
88%
Week 2 (9/8)14Georgia10SEC
88%
Week 1 (9/1)17Ohio State00Big Ten
88%
Week 2 (9/8)15Clemson10ACC
88%
Week 2 (9/8)16UCLA00Pacific-10
88%
Week 11 (11/10)19Ohio State72Big Ten
88%
Week 2 (9/8)22Ohio State10Big Ten
88%
Week 2 (9/8)23Virginia10ACC
88%
Week 15 (12/8)22Arizona641Pacific-10
88%
Week 15 (12/8)21Penn State74Independent
88%
Week 15 (12/8)20Ole Miss83SEC
88%
Week 15 (12/8)19North Carolina83ACC
88%
Week 3 (9/15)3Florida State20ACC
88%
Week 3 (9/15)4Florida10SEC
88%
Week 11 (11/10)22Penn State63Independent
88%
Week 1 (9/1)16UCLA00Pacific-10
88%
Week 12 (11/17)9Florida72SEC
88%
Preseason18UCLA00Pacific-10
88%
Preseason4Florida00SEC
88%
Preseason5Florida State00ACC
88%
Preseason7Texas A&M00Southwest
88%
Preseason8Penn State00Independent
88%
Week 12 (11/17)4Texas A&M100Southwest
88%
Preseason11Nebraska00Big Eight
88%
Preseason12Colorado00Big Eight
88%
Preseason13Clemson00ACC
88%
Preseason14Georgia00SEC
88%
Week 11 (11/10)25North Carolina73ACC
88%
Postseason19North Carolina93ACC
88%
Preseason19Ohio State00Big Ten
88%
Week 1 (9/1)14Georgia00SEC
88%
Postseason18Ohio State831Big Ten
88%
Postseason16Ole Miss93SEC
88%
Postseason14Nebraska93Big Eight
88%
Postseason13Colorado921Big Eight
88%
Week 1 (9/1)4Florida State00ACC
88%
Week 1 (9/1)6Florida00SEC
88%
Week 1 (9/1)7Texas A&M10Southwest
88%
Week 1 (9/1)8Penn State00Independent
88%
Week 1 (9/1)11Nebraska00Big Eight
88%
Week 1 (9/1)12Colorado00Big Eight
88%
Week 1 (9/1)13Clemson00ACC
88%
Week 3 (9/15)5Texas A&M30Southwest
88%
Week 3 (9/15)10Penn State20Independent
88%
Week 6 (10/6)9Colorado40Big Eight
88%
Week 5 (9/29)15Nebraska31Big Eight
88%
Week 15 (12/8)3Florida State101ACC
88%
Week 11 (11/10)13Colorado711Big Eight
88%
Week 5 (9/29)3Florida State40ACC
88%
Week 5 (9/29)5Texas A&M40Southwest
88%
Week 5 (9/29)8Penn State40Independent
88%
Week 5 (9/29)10Colorado40Big Eight
88%
Week 5 (9/29)11UCLA30Pacific-10
88%
Week 10 (11/3)22Ohio State62Big Ten
88%
Week 5 (9/29)13Florida11SEC
88%
Week 5 (9/29)14Virginia40ACC
88%
Week 5 (9/29)16Georgia31SEC
88%
Week 3 (9/15)11Colorado20Big Eight
88%
Week 11 (11/10)12Georgia72SEC
88%
Week 11 (11/10)11Florida62SEC
88%
Week 14 (12/1)22Arizona641Pacific-10
88%
Week 14 (12/1)21Penn State74Independent
88%
Week 14 (12/1)20North Carolina83ACC
88%
Week 5 (9/29)25Clemson12ACC
88%
Week 14 (12/1)19Ole Miss83SEC
88%
Week 12 (11/17)3Florida State91ACC
88%
Week 6 (10/6)5Texas A&M50Southwest
88%
Week 6 (10/6)7Penn State50Independent
88%
Week 6 (10/6)8Florida State41ACC
88%
Week 15 (12/8)4Texas A&M120Southwest
88%
Week 15 (12/8)8Georgia92SEC
88%
Week 4 (9/22)18Georgia21SEC
88%
Week 15 (12/8)11Nebraska92Big Eight
88%
Week 3 (9/15)12Nebraska20Big Eight
88%
Week 3 (9/15)15UCLA10Pacific-10
88%
Week 3 (9/15)17Clemson11ACC
88%
Week 15 (12/8)15Ohio State821Big Ten
88%
Week 3 (9/15)19Georgia11SEC
88%
Week 3 (9/15)20Virginia20ACC
88%
Week 3 (9/15)21Ohio State20Big Ten
88%
Week 15 (12/8)14Florida84SEC
88%
Week 12 (11/17)10Georgia82SEC
88%
Week 12 (11/17)11Colorado811Big Eight
88%
Week 3 (9/15)25Ole Miss20SEC
88%
Week 15 (12/8)10Colorado911Big Eight
88%
Week 12 (11/17)12Nebraska72Big Eight
88%
Week 4 (9/22)3Florida State30ACC
88%
Week 4 (9/22)5Texas A&M40Southwest
88%
Week 4 (9/22)9Penn State30Independent
88%
Week 4 (9/22)10Colorado30Big Eight
88%
Week 4 (9/22)11UCLA20Pacific-10
88%
Week 4 (9/22)12Ohio State30Big Ten
88%
Week 4 (9/22)13Florida11SEC
88%
Week 4 (9/22)14Virginia30ACC
88%
Week 4 (9/22)15Nebraska21Big Eight
88%
Week 4 (9/22)16Clemson11ACC
88%
Week 12 (11/17)17Ohio State82Big Ten
88%
Week 12 (11/17)5Washington91Pacific-10
75%
Week 12 (11/17)14Stanford83Pacific-10
75%
Week 12 (11/17)13NC State821ACC
75%
Preseason1Miami00Big East
75%
Week 12 (11/17)18Mississippi State73SEC
75%
Week 15 (12/8)9Washington92Pacific-10
75%
Postseason23Mississippi State75SEC
75%
Postseason22Kansas84Big Eight
75%
Postseason17NC State931ACC
75%
Postseason15Washington State93Pacific-10
75%
Postseason11Washington93Pacific-10
75%
Postseason9Stanford103Pacific-10
75%
Postseason3Miami111Big East
75%
Week 15 (12/8)25BYU84WAC
75%
Week 15 (12/8)24Mississippi State74SEC
75%
Week 15 (12/8)18Washington State83Pacific-10
75%
Week 15 (12/8)13Stanford93Pacific-10
75%
Week 15 (12/8)12NC State921ACC
75%
Week 15 (12/8)1Miami110Big East
75%
Week 12 (11/17)22Kansas73Big Eight
75%
Week 14 (12/1)25BYU84WAC
75%
Week 14 (12/1)24Mississippi State74SEC
75%
Week 14 (12/1)14Stanford93Pacific-10
75%
Week 14 (12/1)13NC State921ACC
75%
Week 14 (12/1)10Washington92Pacific-10
75%
Week 14 (12/1)1Miami110Big East
75%
Week 13 (11/24)25BYU84WAC
75%
Week 13 (11/24)21Washington State83Pacific-10
75%
Week 13 (11/24)16Mississippi State73SEC
75%
Week 13 (11/24)14Stanford93Pacific-10
75%
Week 13 (11/24)13NC State921ACC
75%
Week 13 (11/24)11Washington92Pacific-10
75%
Week 13 (11/24)1Miami100Big East
75%
Week 14 (12/1)18Washington State83Pacific-10
75%
Week 8 (10/20)13Washington State60Pacific-10
75%
Week 12 (11/17)1Miami90Big East
75%
Week 7 (10/13)8Stanford51Pacific-10
75%
Week 2 (9/8)2Washington10Pacific-10
75%
Week 6 (10/6)18Mississippi State31SEC
75%
Week 2 (9/8)1Miami10Big East
75%
Week 6 (10/6)24California31Pacific-10
75%
Week 6 (10/6)25NC State42ACC
75%
Week 7 (10/13)1Washington50Pacific-10
75%
Week 7 (10/13)2Miami50Big East
75%
Week 7 (10/13)15Mississippi State41SEC
75%
Week 6 (10/6)11Stanford41Pacific-10
75%
Week 1 (9/1)23Iowa01Big Ten
75%
Week 1 (9/1)21Mississippi State00SEC
75%
Week 7 (10/13)21NC State52ACC
75%
Week 7 (10/13)22Washington State50Pacific-10
75%
Week 7 (10/13)24West Virginia302Big East
75%
Week 7 (10/13)25Kansas41Big Eight
75%
Week 3 (9/15)18Stanford11Pacific-10
75%
Week 2 (9/8)17California10Pacific-10
75%
Week 6 (10/6)2Miami40Big East
75%
Week 1 (9/1)20Stanford01Pacific-10
75%
Week 4 (9/22)23NC State31ACC
75%
Week 3 (9/15)24Mississippi State11SEC
75%
Week 4 (9/22)1Miami20Big East
75%
Week 4 (9/22)2Washington30Pacific-10
75%
Week 3 (9/15)2Washington20Pacific-10
75%
Week 4 (9/22)19Stanford21Pacific-10
75%
Week 3 (9/15)1Miami10Big East
75%
Week 2 (9/8)25BYU10WAC
75%
Week 4 (9/22)24Kansas30Big Eight
75%
Week 6 (10/6)1Washington40Pacific-10
75%
Week 5 (9/29)1Washington30Pacific-10
75%
Week 5 (9/29)2Miami30Big East
75%
Week 2 (9/8)21Stanford01Pacific-10
75%
Week 5 (9/29)18Stanford31Pacific-10
75%
Week 5 (9/29)21NC State41ACC
75%
Week 2 (9/8)19NC State20ACC
75%
Week 2 (9/8)18Mississippi State10SEC
75%
Week 5 (9/29)24Mississippi State21SEC
75%
Week 8 (10/20)1Washington60Pacific-10
75%
Week 8 (10/20)1Miami60Big East
75%
Week 1 (9/1)19California00Pacific-10
75%
Week 10 (11/3)21Stanford63Pacific-10
75%
Week 10 (11/3)2Miami80Big East
75%
Preseason22Mississippi State00SEC
75%
Preseason20California00Pacific-10
75%
Week 10 (11/3)13Kansas71Big Eight
75%
Week 10 (11/3)17NC State621ACC
75%
Preseason17Stanford00Pacific-10
75%
Week 10 (11/3)19Mississippi State62SEC
75%
Week 10 (11/3)25Washington State62Pacific-10
75%
Week 10 (11/3)1Washington80Pacific-10
75%
Week 11 (11/10)1Miami80Big East
75%
Week 11 (11/10)6Washington81Pacific-10
75%
Week 11 (11/10)14NC State721ACC
75%
Week 11 (11/10)15Stanford73Pacific-10
75%
Week 11 (11/10)16Mississippi State72SEC
75%
Preseason16Iowa00Big Ten
75%
Week 11 (11/10)20Kansas72Big Eight
75%
Week 11 (11/10)21Washington State72Pacific-10
75%
Preseason2Washington00Pacific-10
75%
Week 3 (9/15)16NC State30ACC
75%
Week 8 (10/20)22Kansas51Big Eight
75%
Week 8 (10/20)25Mississippi State42SEC
75%
Week 9 (10/27)21NC State621ACC
75%
Week 9 (10/27)19Washington State61Pacific-10
75%
Week 9 (10/27)18Kansas61Big Eight
75%
Week 9 (10/27)15Stanford62Pacific-10
75%
Preseason24BYU00WAC
75%
Week 1 (9/1)1Miami00Big East
75%
Week 1 (9/1)2Washington00Pacific-10
75%
Week 8 (10/20)23NC State521ACC
75%
Week 1 (9/1)18NC State10ACC
75%
Week 9 (10/27)2Washington70Pacific-10
75%
Week 9 (10/27)24Mississippi State52SEC
75%
Week 9 (10/27)1Miami70Big East
75%
Week 8 (10/20)16Stanford52Pacific-10
75%
Week 2 (9/8)9Syracuse10Big East
63%
Preseason10Syracuse00Big East
63%
Week 3 (9/15)8Syracuse20Big East
63%
Week 2 (9/8)24Georgia Tech00ACC
63%
Week 1 (9/1)10Syracuse00Big East
63%
Postseason21Boston College831Big East
63%
Postseason6Syracuse102Big East
63%
Week 1 (9/1)24Georgia Tech00ACC
63%
Preseason23Georgia Tech00ACC
63%
Week 6 (10/6)15Syracuse31Big East
63%
Week 15 (12/8)16Boston College821Big East
63%
Week 3 (9/15)22Georgia Tech10ACC
63%
Week 12 (11/17)8Syracuse91Big East
63%
Week 11 (11/10)17Boston College711Big East
63%
Week 11 (11/10)10Syracuse81Big East
63%
Week 12 (11/17)19Boston College721Big East
63%
Week 10 (11/3)10Syracuse71Big East
63%
Week 10 (11/3)9Boston College701Big East
63%
Week 9 (10/27)12Syracuse61Big East
63%
Week 13 (11/24)8Syracuse92Big East
63%
Week 9 (10/27)11Boston College601Big East
63%
Week 8 (10/20)19Georgia Tech42ACC
63%
Week 13 (11/24)17Boston College821Big East
63%
Week 8 (10/20)12Syracuse51Big East
63%
Week 8 (10/20)11Boston College501Big East
63%
Week 7 (10/13)20Boston College401Big East
63%
Week 7 (10/13)16Georgia Tech41ACC
63%
Week 15 (12/8)6Syracuse92Big East
63%
Week 14 (12/1)6Syracuse92Big East
63%
Week 6 (10/6)21Boston College401Big East
63%
Week 6 (10/6)17Georgia Tech31ACC
63%
Week 4 (9/22)17Syracuse21Big East
63%
Week 14 (12/1)16Boston College821Big East
63%
Week 5 (9/29)23Georgia Tech21ACC
63%
Week 5 (9/29)22Boston College40Big East
63%
Week 7 (10/13)14Syracuse41Big East
63%
Week 5 (9/29)17Syracuse21Big East
63%
Week 4 (9/22)25Boston College30Big East
63%
Week 12 (11/17)25Wake Forest73ACC
38%
Postseason25Wake Forest84ACC
38%
Postseason20Hawai'i112WAC
25%
Week 11 (11/10)24Hawai'i71WAC
25%
Postseason24Fresno State94WAC
25%
Week 4 (9/22)21San Diego State101WAC
13%
Week 3 (9/15)23San Diego State101WAC
13%

Score Distribution

Percentile by Number Answered

Percent of People with Each Score

Your Score History

You have not taken this quiz